भारत का सांस्कृतिक इतिहास (Record no. 1022970)

MARC details
000 -LEADER
fixed length control field 00835nam a2200241Ia 4500
003 - CONTROL NUMBER IDENTIFIER
control field OSt
005 - DATE AND TIME OF LATEST TRANSACTION
control field 20221005111815.0
008 - FIXED-LENGTH DATA ELEMENTS--GENERAL INFORMATION
fixed length control field 221004b |||||||| |||| 00| 0 hin d
037 ## - SOURCE OF ACQUISITION
Terms of availability Textual
040 ## - CATALOGING SOURCE
Original cataloging agency CRL
Transcribing agency CRL
Language of cataloging hin
041 ## - LANGUAGE CODE
Source of code hin
Language code of text/sound track or separate title hin
100 ## - MAIN ENTRY--PERSONAL NAME
Personal name पाण्डेय, राजेन्द्र
245 #0 - TITLE STATEMENT
Title भारत का सांस्कृतिक इतिहास
246 ## - VARYING FORM OF TITLE
Title proper/short title Bhārat kā sāanskṛutik itihāsa
260 ## - PUBLICATION, DISTRIBUTION, ETC.
Place of publication, distribution, etc. लखनउ
Name of publisher, distributor, etc. उत्तर प्रदेश हिंदी संस्थान भारत
Date of publication, distribution, etc. 1976
300 ## - PHYSICAL DESCRIPTION
Extent 368पृ.
Dimensions cm.
942 ## - ADDED ENTRY ELEMENTS (KOHA)
Classification part Y:12, 152M3
Koha item type Textual
Source of classification or shelving scheme
Holdings
Withdrawn status Lost status Damaged status Not for loan Home library Current library Date acquired Total Checkouts Full call number Barcode Date last seen Price effective from Koha item type
        Central Library Central Library 2022-10-05   Y:12 152M3 BL0927952 Bra 2022-10-05 2022-10-05 Textual
Copyright @ Delhi University Library System